000 00575nam a2200133 a 4500
008 060516s2004 xx |||||||||||||| || u
050 _aTHESIS/STUDENT
100 _aMushani, Molley
245 1 0 _aRiverside shopping centre
_cthesis supervised by B.C. Mabo
260 _a
_bCopperbelt University, School of Built Environment, Department of Architecture
_c2004
350 _a0.00
650 _aARCHITECTURAL DESIGN--EVALUATION
995 _D0.00
_FCBU-MAIN LIBRARY (Kitwe)
_H1
_I0.00
_M1
_UAVAILABLE
_WMay 16, 2006
_ZUniversity Collection
999 _c56597
_d56597